| 000 | 01269nam a2200361 i 4500 | ||
|---|---|---|---|
| 001 | 8431 | ||
| 003 | KOSZ 005 | ||
| 005 | 20220609113721.0 | ||
| 008 | 070920s1967 pl a f 001 0 pol | ||
| 015 | _aPB 1968/1647 | ||
| 040 |
_aWA N _cWA N _dKOSZ 005/RW _dKOSZ 005/HR |
||
| 041 | 1 |
_apol _hrus |
|
| 046 | _k1967 | ||
| 080 | _a62-5 | ||
| 080 | _a007.5 | ||
| 080 | _a681.5 | ||
| 100 | 1 |
_aFel'dbaum, Aleksandr Aronovič _d(1913-1969) _eAutor |
|
| 245 | 1 | 0 |
_aPodstawy teorii optymalnych układów sterowania automatycznego / _cA. A. Feldbaum ; [tł. z ros. Ryszard Kontkiewicz]. |
| 246 | 1 |
_iTyt. oryg.: _aOsnovy teorii optimal'nyh avtomatičeskih sistem. |
|
| 260 |
_aWarszawa : _bPaństwowe Wydawnictwo Naukowe, _c1967. |
||
| 300 |
_a586, [1] s., : _bil., err. ; _c23 cm. |
||
| 380 | _aKsiążki | ||
| 388 | _a1901-2000 | ||
| 388 | _a1945-1989 | ||
| 504 | _aBibliogr. s. [556]-580. Indeks. | ||
| 650 | 4 | _aTeoria sterowania | |
| 650 | 4 | _aAutomatyka | |
| 658 | _aInżynieria i technika | ||
| 700 | 1 |
_aKontkiewicz, Ryszard _eTłumaczenie |
|
| 710 | 2 |
_aPaństwowe Wydawnictwo Naukowe _4pbl. |
|
| 856 |
_uhttp://koha.tu.koszalin.pl/cgi-bin/koha/opac-detail.pl?biblionumber=8431 _yKatalog online BPK |
||
| 942 |
_2UKD _cKS |
||
| 999 |
_c8431 _d8431 |
||